Human anatomy / (رقم التسجيلة. 34892)

تفاصيل مارك
000 -الفاتح
حقل البيانات ثابتة الطول 00608nam a22002057a 4500
003 - محدد رقم الضبط
رقم الضبط OSt
005 - وقت وتاريخ اخر تعامل مع التسجيلة
رقم الضبط 20150408114216.0
008 - عناصر البيانات ثابتة الطول - معلومات عامة
حقل البيانات ثابتة الطول 140511s2014 nyu f a 001 0 eng d
020 ## - الرقم الدولى المعيارى للكتب
الرقم الدولى المعيارى للكتاب 9781259060823
040 ## - مصدر الفهرسة
وكالة الفهرسة الأصلية Ma-Un
082 00 - رقم تصنيف ديوى العشرى
رقم الطبعة 22
رقم التصنيف 611
رقم المادة SKH
100 1# - المدخل الرئيسى - إسم شخصى
الإسم الشخصى Saladin, Kenneth S.
9 (RLIN) 44677
245 10 - بيان العنوان
العنوان Human anatomy /
بيان المسئوليه,etc Kenneth S. Saladin.
250 ## - بيان الطبعة
بيان الطبعة 4th international student edition.
260 ## - PUBLICATION, DISTRIBUTION, ETC. (IMPRINT)
مكان الناشر او الموزع New York :
اسم الناشر او الموزع McGraw-Hill,
تاريخ النشر أو التوزيع 2014
-- [1435].
300 ## - الوصف المادى
التعداد xix, 736, [51] p. :
تفاصيل ماديه اخرى للوعاء ill. (some col.) ;
أبعاد الوعاء 28 cm.
500 ## - تبصرة عامة
تبصرة عامة Includes index.
650 ## - المدخل الاضافى بالموضوع-مصطلح موضوعى
مصطلح موضوعي أو اسم جغرافي كعنصر مدخل Human anatomy
التقسيم الفرعي الشكلي Textbooks
9 (RLIN) 10728
942 ## -
-- ddc
-- BOOK
999 ## -
-- 34892
-- 269392
المقتنيات
حالة الفقد نموذج السعر الفعال حالة تلف ليس للاعارة رقم الطلب رقم النسخة تاريخ الاكتساب مصدر التزويد Serial Enumeration / chronology الباركود الفرع الرئيسي Date last checked out Date last seen نوع المادة فى نظام كوها مصدر التصنيف او خطة الترفيف Total Checkouts
  2014-05-11   Not For Loan 611 SKH 1 2014-05-11 دار العرب AMF 00210436 مكتبة كلية العلوم الطبية التطبيقية بالمجمعة - طالبات (AMF) 2022-02-21 2022-03-01 كتاب Dewey Decimal Classification 3
  2014-05-11     611 SKH 2 2014-05-11 دار العرب AMF 00210437 مكتبة كلية العلوم الطبية التطبيقية بالمجمعة - طالبات (AMF) 2019-10-03 2019-10-14 كتاب Dewey Decimal Classification 3
  2014-05-11   Not For Loan 611 SKH 1 2014-05-11 دار العرب CL 00210439 المكتبة المركزية بالمجمعة (CL)   2014-05-11 كتاب Dewey Decimal Classification  
  2014-05-11     611 SKH 2 2014-05-11 دار العرب CL 00210438 المكتبة المركزية بالمجمعة (CL) 2016-10-12 2016-11-21 كتاب Dewey Decimal Classification 3